[Event "CZE-ch 2020"]
[Site "Pilsen"]
[Date "2020.08.29"]
[Round "7.26"]
[White "Koubova, Anna Marie"]
[Black "Toman, Ondrej"]
[Result "1/2-1/2"]
[WhiteElo "2099"]
[BlackElo "2233"]
[Annotator "TA"]
[PlyCount "138"]
[EventDate "2020.08.23"]
[EventType "swiss"]
[EventCountry "CZE"]
[SourceTitle "playchess.com"]
[Source "ChessBase"]
[SourceQuality "1"]

{[%evp 9,138,18,24,-21,-14,-20,-18,-17,-16,-17,-5,-66,-67,-47,-57,-120,-123,-125,-113,-109,-104,-131,-129,-188,-174,-219,-220,-223,-152,-158,-164,-154,-153,-154,-154,-207,-209,-206,-207,-207,-214,-210,-171,-175,-187,-262,-147,-218,-140,-174,-177,-168,-175,-242,-247,-247,-248,-218,-102,-102,-47,-47,-47,-47,-47,-47,-29,-56,0,0,0,0,0,0,0,0,0,0,0,-8,0,0,0,0,0,0,0,0,0,0,0,0,0,0,0,0,0,0,0,0,0,0,0,0,0,0,0,0,0,0,0,0,0,0,0,0,0,0,0,0,0,0,0,0,0,0,0,0,0,0,0]} 1. e4 c6 2. d4 d5 3. e5 c5 4. dxc5 Nc6 5. Nf3 Bg4 6. Be2 {B12: Caro-Kann: Advance Variation.} e6 7. Be3 Bxf3 8. Bxf3 Nxe5 9. O-O {[#]} Ne7 $146 ({Predecessor:} 9... Nf6 10. Na3 b6 11. cxb6 Bxa3 12. b7 Rb8 13. bxa3 Rxb7 14. Be2 Qc7 15. Ba6 Neg4 {0-1 (27) Duester,C (2225)-Tomczak,J (2547) Rostock 2014}) 10. Bd4 ({White should play} 10. Nd2 $11) 10... Nxf3+ $15 11. Qxf3 Nf5 12. Qc3 (12. c3 $15) 12... Nxd4 13. Qxd4 {[#]} Be7 $1 14. Nd2 O-O 15. Rac1 Qc7 16. Nb3 (16. b4 $17 {might work better.}) 16... Bf6 $19 17. Qg4 Bxb2 18. Rb1 Bf6 19. c4 Rfd8 20. cxd5 Rxd5 21. Rfd1 Rad8 $36 {[%mdl 2048] White is under strong pressure.} 22. g3 (22. Rxd5 $17 Rxd5 23. Qa4) 22... h5 23. Qe2 Be7 24. Rdc1 h4 25. Rc4 hxg3 26. hxg3 g6 27. Qf3 (27. Qe4 $142) 27... Rd3 (27... b5 $19 28. Rb4 a6) 28. Qf4 (28. Qe4 $17) 28... Qxf4 29. Rxf4 Rc3 30. Na5 g5 31. Ra4 (31. Rc4 {was necessary.} Rxc4 32. Nxc4) 31... Bxc5 {And now ...Rc2 would win.} 32. Nxb7 Rb8 33. Rb5 {[#]} Rxg3+ (33... Bb6 $1 $19 34. Nd6 (34. Rxg5+ $2 Kf8 $19) 34... f5) 34. Kf1 $17 Rf3 ({Black should try} 34... Ra3 $17 35. Rxa3 Bxa3 36. Rxg5+ Kh7) 35. Rxc5 $15 Rxb7 36. Rxg5+ {[%mdl 4096] Endgame KRR-KRR} Kf8 37. Kg2 Rf6 (37... Rd3 {seems wilder.} 38. Rga5 Rdd7 39. Ra6 Ke7 40. Ra3 Kf6) 38. f4 Rg6 ({Better is} 38... Rh6 $15) 39. Rxg6 $11 {The position is equal.} fxg6 {KR-KR} 40. Kf3 Ke7 41. Kg4 Kf6 42. Kf3 Rg7 43. Ra5 Rc7 44. Ra4 g5 45. fxg5+ Kxg5 46. Ke4 Kf6 47. Ra6 Rh7 48. Kf4 Rb7 49. Ke4 Ke7 50. Ke5 Kd7 51. Rd6+ Kc7 52. Rxe6 Rb2 53. Ra6 Kb7 54. Ra3 Rd2 55. Ke4 Kb6 56. Ke3 Rh2 {( -> ...Rh3+)} (56... Rd5 {looks sharper.} 57. Ra4 Rd7 58. Rd4 Rc7 59. Rg4 Kb5) 57. Kd4 Rh4+ 58. Kc3 a5 59. Rb3+ Kc5 60. Rb8 Rh3+ 61. Kb2 Kc4 62. Rb7 Re3 63. Rb8 Re2+ 64. Ka3 Rf2 65. Rc8+ Kb5 66. Rb8+ Ka6 67. Ra8+ Kb6 68. Rb8+ Ka7 69. Rh8 Kb6 {Whites escaped into a draw. Accuracy: White = 78%, Black = 83%.} 1/2-1/2

[Event "CZE-ch 2020"]
[Site "Pilsen"]
[Date "2020.08.29"]
[Round "7.27"]
[White "Kawulok, Marek"]
[Black "Nagy, Ladislav"]
[Result "1/2-1/2"]
[WhiteElo "2226"]
[BlackElo "2150"]
[Annotator "ChessBase"]
[PlyCount "94"]
[EventDate "2020.08.23"]
[EventType "swiss"]
[EventCountry "CZE"]
[SourceTitle "playchess.com"]
[Source "ChessBase"]
[SourceQuality "1"]
[TimeControl "40/5400+30:1800+30"]

1. e4 {[%emt 0:00:00]} e5 {[%emt 0:00:00]} 2. Nf3 {[%emt 0:00:00]} Nc6 {[%emt 0:00:00]} 3. Bb5 {[%emt 0:00:00]} a6 {[%emt 0:00:14]} 4. Ba4 {[%emt 0:00:00]} Nf6 {[%emt 0:00:33]} 5. O-O {[%emt 0:00:01]} Be7 {[%emt 0:01:10]} 6. Re1 {[%emt 0:00:34]} b5 {[%emt 0:00:27]} 7. Bb3 {[%emt 0:00:06]} d6 {[%emt 0:01:14]} 8. c3 {[%emt 0:00:34]} O-O {[%emt 0:00:49]} 9. h3 {[%emt 0:00:21]} Na5 {[%emt 0:00:51]} 10. Bc2 {[%emt 0:00:06]} c5 {[%emt 0:00:46]} 11. d4 {[%emt 0:00:33]} Qc7 {[%emt 0:01:30]} 12. d5 {[%emt 0:00:30]} c4 {[%emt 0:03:54]} 13. b4 {[%emt 0:01:02]} cxb3 {[%emt 0:01:42]} 14. axb3 {[%emt 0:00:07]} Bd7 {[%emt 0:02:35]} 15. Ba3 {[%emt 0:04:46]} Bd8 {[%emt 0:13:33]} 16. Bd3 {[%emt 0:03:09]} Qb8 {[%emt 0:07:31]} 17. Re2 {[%emt 0:03:09]} Nb7 {[%emt 0:14:42]} 18. Rea2 {[%emt 0:09:50]} Bb6 {[%emt 0:08:14]} 19. b4 {[%emt 0:02:01]} Ne8 {[%emt 0:01:41]} 20. Bc1 {[%emt 0:04:25]} Nc7 {[%emt 0:01:04]} 21. g4 {[%emt 0:04:34]} Qd8 {[%emt 0:05:04]} 22. Nbd2 {[%emt 0:11:09]} Qe7 {[%emt 0:05:25]} 23. Nf1 {[%emt 0:00:39]} a5 {[%emt 0:02:01]} 24. Qe2 {[%emt 0:07:00]} axb4 {[%emt 0:10:57]} 25. cxb4 {[%emt 0:00:06]} Rxa2 {[%emt 0:01:02]} 26. Rxa2 {[%emt 0:00:07]} Rb8 {[%emt 0:04:53]} 27. Be3 {[%emt 0:10:20]} Bxe3 {[%emt 0:01:01]} 28. Qxe3 {[%emt 0:00:06]} Qd8 {[%emt 0:01:10]} 29. Ra7 {[%emt 0:00:50]} Qc8 {[%emt 0:01:13]} 30. Ng3 {[%emt 0:01:35]} Nd8 {[%emt 0:06:37]} 31. Nh5 {[%emt 0:04:37]} f6 {[%emt 0:00:16]} 32. g5 {[%emt 0:04:53]} Bxh3 {[%emt 0:00:45]} 33. gxf6 {[%emt 0:00:11]} Qg4+ {[%emt 0:01:12]} 34. Ng3 {[%emt 0:00:03]} Rb7 {[%emt 0:00:48]} 35. Rxb7 {[%emt 0:02:42]} Nxb7 {[%emt 0:00:01]} 36. f7+ {[%emt 0:03:39]} Kxf7 {[%emt 0:01:11]} 37. Ng5+ {[%emt 0:00:05]} Kg8 {[%emt 0:01:22]} 38. Be2 {[%emt 0:00:20]} Qc8 {[%emt 0:00:26]} 39. Nxh3 {[%emt 0:00:39]} Qxh3 {[%emt 0:00:01]} 40. Qb6 {[%emt 0:00:10]} Qc8 {[%emt 0:00:26]} 41. Bxb5 {[%emt 0:30:40]} Nxb5 {[%emt 0:02:29]} 42. Qxb5 {[%emt 0:00:00]} g6 {[%emt 0:02:54]} 43. Qc6 {[%emt 0:00:00]} Qb8 {[%emt 0:02:26]} 44. Qd7 {[%emt 0:00:00]} Nd8 {[%emt 0:01:32]} 45. Kg2 {[%emt 0:00:00]} Nf7 {[%emt 0:03:14]} 46. b5 {[%emt 0:00:00]} Ng5 {[%emt 0:03:57]} 47. Qe7 {[%emt 0:00:00]} Nf7 {[%emt 0:02:17]} 1/2-1/2

[Event "CZE-ch 2020"]
[Site "Pilsen"]
[Date "2020.08.29"]
[Round "7.28"]
[White "Kures, Michael"]
[Black "Vybiral, Zdenek"]
[Result "1/2-1/2"]
[WhiteElo "2019"]
[BlackElo "2221"]
[Annotator "NA"]
[PlyCount "61"]
[EventDate "2020.08.23"]
[EventType "swiss"]
[EventCountry "CZE"]
[SourceTitle "playchess.com"]
[Source "ChessBase"]
[SourceQuality "1"]
[TimeControl "40/5400+30:1800+30"]

1. e4 {[%emt 0:00:00]} d6 {[%emt 0:00:00]} 2. d4 {[%emt 0:00:14]} Nf6 {[%emt 0:00:01]} 3. Nc3 {[%emt 0:00:19]} e5 {[%emt 0:00:06]} 4. dxe5 {[%emt 0:00:59]} dxe5 {[%emt 0:00:07]} 5. Qxd8+ {[%emt 0:00:43]} Kxd8 {[%emt 0:00:06]} 6. Bg5 {[%emt 0:00:29]} Be6 {[%emt 0:00:38]} 7. O-O-O+ {[%emt 0:01:27]} Nbd7 {[%emt 0:00:18]} 8. f4 {[%emt 0:02:18]} exf4 {[%emt 0:00:28]} 9. Nf3 {[%emt 0:06:39]} Kc8 {[%emt 0:06:49]} 10. Nd4 {[%emt 0:03:23]} Bb4 {[%emt 0:02:20]} 11. Nxe6 {[%emt 0:02:08]} fxe6 {[%emt 0:00:07]} 12. Bc4 {[%emt 0:06:26]} Re8 $1 {[%emt 0:01:27]} 13. Bxf4 {[%emt 0:01:21]} Bxc3 {[%emt 0:07:12]} 14. bxc3 {[%emt 0:01:01]} Nxe4 {[%emt 0:09:45]} 15. Rhe1 {[%emt 0:01:58]} Nec5 {[%emt 0:00:22]} 16. Rd2 {[%emt 0:02:20]} Nb6 {[%emt 0:08:14]} 17. Bb3 $11 {[%emt 0:01:45]} a5 {[%emt 0:03:42]} 18. Rde2 {[%emt 0:10:06]} Kd7 {[%emt 0:02:26]} 19. Re5 {[%emt 0:02:47]} Nxb3+ {[%emt 0:00:21]} 20. cxb3 {[%emt 0:00:21]} Nd5 {[%emt 0:00:17]} 21. Bd2 {[%emt 0:00:26]} b5 {[%emt 0:00:20]} 22. c4 {[%emt 0:05:43]} bxc4 {[%emt 0:00:15]} 23. bxc4 {[%emt 0:00:09]} Nb4 {[%emt 0:05:31]} 24. Bxb4 {[%emt 0:01:10]} axb4 {[%emt 0:00:06]} 25. Kb2 {[%emt 0:00:04]} Ra6 {[%emt 0:02:17]} 26. R1e2 {[%emt 0:04:12]} Ra3 {[%emt 0:05:03]} 27. Rb5 {[%emt 0:01:40]} Rea8 {[%emt 0:02:21]} 28. Kb1 {[%emt 0:00:26]} R8a4 {[%emt 0:02:00]} 29. Rd2+ {[%emt 0:00:54]} Kc8 {[%emt 0:02:41]} 30. Rf2 {[%emt 0:03:20]} c6 {[%emt 0:09:24]} 31. Rb6 {[%emt 0:01:18]} 1/2-1/2

[Event "CZE-ch 2020"]
[Site "Pilsen"]
[Date "2020.08.29"]
[Round "7.29"]
[White "Brozka, Karel"]
[Black "Eret, Jonas"]
[Result "0-1"]
[WhiteElo "1991"]
[BlackElo "2219"]
[Annotator "ChessBase"]
[PlyCount "108"]
[EventDate "2020.08.23"]
[EventType "swiss"]
[EventCountry "CZE"]
[SourceTitle "playchess.com"]
[Source "ChessBase"]
[SourceQuality "1"]
[TimeControl "40/5400+30:1800+30"]

1. d4 {[%emt 0:00:00]} e6 {[%emt 0:00:00]} 2. c4 {[%emt 0:00:47]} Nf6 {[%emt 0:00:00]} 3. Nc3 {[%emt 0:00:21]} Bb4 {[%emt 0:00:45]} 4. Bg5 {[%emt 0:00:29]} h6 {[%emt 0:05:45]} 5. Bh4 {[%emt 0:00:35]} c5 {[%emt 0:03:50]} 6. d5 {[%emt 0:01:13]} Qa5 {[%emt 0:05:14]} 7. Bxf6 {[%emt 0:03:37]} gxf6 {[%emt 0:00:04]} 8. Qc2 {[%emt 0:01:50]} d6 {[%emt 0:10:25]} 9. e4 {[%emt 0:13:46]} Bxc3+ {[%emt 0:03:46]} 10. bxc3 {[%emt 0:03:34]} e5 {[%emt 0:04:13]} 11. Bd3 {[%emt 0:02:23]} Nd7 {[%emt 0:01:49]} 12. Ne2 {[%emt 0:04:14]} Nb6 {[%emt 0:05:57]} 13. Ng3 {[%emt 0:04:11]} Qa4 {[%emt 0:04:48]} 14. Qxa4+ {[%emt 0:07:16]} Nxa4 {[%emt 0:00:05]} 15. Kd2 {[%emt 0:00:20]} Rg8 {[%emt 0:04:14]} 16. Rhg1 {[%emt 0:04:08]} Bd7 {[%emt 0:04:38]} 17. Nf1 {[%emt 0:01:43]} Ke7 {[%emt 0:03:42]} 18. Ne3 {[%emt 0:01:34]} Rab8 {[%emt 0:03:33]} 19. Rgb1 {[%emt 0:02:27]} Kd8 {[%emt 0:04:55]} 20. Bc2 {[%emt 0:03:13]} Nb6 {[%emt 0:00:09]} 21. a4 {[%emt 0:00:46]} Nc8 {[%emt 0:00:23]} 22. a5 {[%emt 0:02:46]} Ne7 {[%emt 0:00:21]} 23. h3 {[%emt 0:11:30]} Kc7 {[%emt 0:05:44]} 24. g4 {[%emt 0:06:32]} Ng6 {[%emt 0:00:42]} 25. Ng2 {[%emt 0:01:25]} h5 {[%emt 0:00:25]} 26. f3 {[%emt 0:04:46]} Rh8 {[%emt 0:00:50]} 27. Rh1 {[%emt 0:01:26]} Rh6 {[%emt 0:02:36]} 28. Bd3 {[%emt 0:08:53]} Rbh8 {[%emt 0:01:14]} 29. Rhg1 {[%emt 0:01:14]} hxg4 {[%emt 0:02:37]} 30. hxg4 {[%emt 0:00:14]} Rh2 {[%emt 0:00:44]} 31. Be2 {[%emt 0:00:41]} R8h3 {[%emt 0:00:47]} 32. Raf1 {[%emt 0:05:22]} Rg3 {[%emt 0:04:24]} 33. Ne3 {[%emt 0:01:31]} Nf4 {[%emt 0:01:42]} 34. Rxg3 {[%emt 0:01:00]} Rxe2+ {[%emt 0:00:04]} 35. Kc1 {[%emt 0:00:43]} Rxe3 {[%emt 0:00:44]} 36. Kb2 {[%emt 0:00:22]} Re2+ {[%emt 0:01:11]} 37. Kb3 {[%emt 0:00:44]} b6 {[%emt 0:00:38]} 38. Ra1 {[%emt 0:00:48]} bxa5 {[%emt 0:01:14]} 39. Rxa5 {[%emt 0:00:30]} Kb6 {[%emt 0:00:22]} 40. Ra2 {[%emt 0:00:22]} Re1 {[%emt 0:00:52]} 41. Rd2 {[%emt 0:30:30]} Re3 {[%emt 0:34:23]} 42. Rf2 {[%emt 0:00:00]} Ne2 {[%emt 0:00:00]} 43. Rh3 {[%emt 0:00:00]} Nxc3 {[%emt 0:00:00]} 44. Kc2 {[%emt 0:00:00]} Nxe4 {[%emt 0:00:00]} 45. Rfh2 {[%emt 0:00:00]} Ng5 {[%emt 0:00:00]} 46. Rh8 {[%emt 0:00:00]} Nxf3 {[%emt 0:00:00]} 47. R2h6 {[%emt 0:00:00]} Nd4+ {[%emt 0:00:00]} 48. Kd2 {[%emt 0:00:00]} Re2+ {[%emt 0:00:00]} 49. Kc1 {[%emt 0:00:00]} Rc2+ {[%emt 0:00:00]} 50. Kb1 {[%emt 0:00:00]} e4 {[%emt 0:00:00]} 51. Rxf6 {[%emt 0:00:00]} e3 {[%emt 0:00:00]} 52. Rxf7 {[%emt 0:00:00]} e2 {[%emt 0:00:00]} 53. Re7 {[%emt 0:00:00]} Rd2 {[%emt 0:00:00]} 54. Rb8+ {[%emt 0:00:00]} Kc7 {[%emt 0:00:00]} 0-1

[Event "CZE-ch 2020"]
[Site "Pilsen"]
[Date "2020.08.29"]
[Round "7.30"]
[White "Frank, Adam"]
[Black "Flajsman, Pavel"]
[Result "0-1"]
[WhiteElo "2219"]
[BlackElo "2184"]
[Annotator "NA"]
[PlyCount "64"]
[EventDate "2020.08.23"]
[EventType "swiss"]
[EventCountry "CZE"]
[SourceTitle "playchess.com"]
[Source "ChessBase"]
[SourceQuality "1"]
[TimeControl "40/5400+30:1800+30"]

1. e4 {[%emt 0:00:00]} c5 {[%emt 0:00:00]} 2. Nf3 {[%emt 0:00:00]} Nc6 {[%emt 0:00:03]} 3. d4 {[%emt 0:00:00]} cxd4 {[%emt 0:00:03]} 4. Nxd4 {[%emt 0:00:00]} Nf6 {[%emt 0:00:06]} 5. Nc3 {[%emt 0:00:00]} d6 {[%emt 0:00:15]} 6. Bg5 {[%emt 0:00:00]} e6 {[%emt 0:00:20]} 7. Qd2 {[%emt 0:00:02]} a6 {[%emt 0:00:15]} 8. O-O-O {[%emt 0:00:05]} Bd7 {[%emt 0:00:03]} 9. f3 {[%emt 0:00:59]} Nxd4 {[%emt 0:01:13]} 10. Qxd4 {[%emt 0:00:06]} Be7 {[%emt 0:00:03]} 11. Qd2 {[%emt 0:05:16]} b5 {[%emt 0:12:26]} 12. Bd3 {[%emt 0:05:15]} Qc7 {[%emt 0:06:47]} 13. Kb1 {[%emt 0:07:54]} b4 {[%emt 0:07:36]} 14. Ne2 $11 {[%emt 0:00:09]} a5 {[%emt 0:00:53]} 15. Rhe1 {[%emt 0:17:43]} Rb8 {[%emt 0:13:47]} 16. Ng3 {[%emt 0:10:49]} a4 {[%emt 0:28:14]} 17. Bxf6 {[%emt 0:01:23]} Bxf6 {[%emt 0:01:49]} 18. Nh5 {[%emt 0:00:08]} Bc3 {[%emt 0:14:03]} 19. Qg5 {[%emt 0:00:07]} h6 {[%emt 0:00:23]} 20. Qg3 {[%emt 0:05:20]} Bxe1 {[%emt 0:01:03]} 21. Rxe1 {[%emt 0:03:21]} g6 {[%emt 0:00:17]} 22. Nf6+ {[%emt 0:03:09]} Ke7 {[%emt 0:05:26]} 23. e5 {[%emt 0:00:15]} d5 {[%emt 0:01:32]} 24. f4 {[%emt 0:01:05]} Bb5 {[%emt 0:02:01]} 25. Bxb5 {[%emt 0:23:21]} Rxb5 {[%emt 0:00:00]} 26. f5 {[%emt 0:00:01]} Rc8 {[%emt 0:02:10]} 27. Rc1 {[%emt 0:00:49]} exf5 {[%emt 0:00:46]} 28. Qh4 {[%emt 0:00:18]} g5 {[%emt 0:00:33]} 29. Qxh6 {[%emt 0:00:02]} Qxe5 {[%emt 0:00:59]} 30. Qxg5 {[%emt 0:00:05]} Kd6 {[%emt 0:00:42]} 31. Qg7 {[%emt 0:01:41]} a3 {[%emt 0:00:41]} 32. c3 {[%emt 0:00:04]} bxc3 {[%emt 0:00:30]} 0-1

[Event "CZE-ch 2020"]
[Site "Pilsen"]
[Date "2020.08.29"]
[Round "7.31"]
[White "Joukl, Zdenek"]
[Black "Ludvik, Tomas"]
[Result "1/2-1/2"]
[WhiteElo "2062"]
[BlackElo "2202"]
[Annotator "NA"]
[PlyCount "71"]
[EventDate "2020.08.23"]
[EventType "swiss"]
[EventCountry "CZE"]
[SourceTitle "playchess.com"]
[Source "ChessBase"]
[SourceQuality "1"]
[TimeControl "40/5400+30:1800+30"]

1. d4 {[%emt 0:00:00]} d5 {[%emt 0:00:00]} 2. Nf3 {[%emt 0:00:19]} Nf6 {[%emt 0:00:00]} 3. Bf4 {[%emt 0:00:32]} c5 {[%emt 0:00:00]} 4. e3 {[%emt 0:00:35]} Nc6 {[%emt 0:00:02]} 5. c3 {[%emt 0:02:25]} Qb6 {[%emt 0:00:57]} 6. b3 {[%emt 0:00:59]} Bf5 {[%emt 0:04:30]} 7. Be2 {[%emt 0:01:41]} e6 {[%emt 0:00:24]} 8. Ne5 {[%emt 0:07:06]} cxd4 {[%emt 0:03:57]} 9. exd4 {[%emt 0:07:06]} Rc8 {[%emt 0:05:20]} 10. Bd3 {[%emt 0:11:08]} Bxd3 {[%emt 0:04:04]} 11. Qxd3 {[%emt 0:02:46]} Be7 {[%emt 0:02:06]} 12. O-O {[%emt 0:00:57]} O-O {[%emt 0:05:33]} 13. Nd2 $11 {[%emt 0:01:09]} Nxe5 {[%emt 0:04:31]} 14. Bxe5 {[%emt 0:06:17]} Qa5 {[%emt 0:08:25]} 15. Rfc1 {[%emt 0:04:11]} Rfd8 {[%emt 0:01:44]} 16. a4 {[%emt 0:08:32]} Qa6 {[%emt 0:16:10]} 17. Qxa6 {[%emt 0:02:36]} bxa6 {[%emt 0:00:01]} 18. Kf1 {[%emt 0:00:28]} Rc6 {[%emt 0:01:33]} 19. Ke2 {[%emt 0:08:19]} Rdc8 {[%emt 0:00:35]} 20. c4 {[%emt 0:00:40]} Nd7 {[%emt 0:02:27]} 21. Kd1 {[%emt 0:05:17]} f6 {[%emt 0:10:08]} 22. Bg3 {[%emt 0:02:38]} Bb4 {[%emt 0:04:16]} 23. cxd5 {[%emt 0:01:52]} exd5 {[%emt 0:00:45]} 24. Rxc6 {[%emt 0:00:57]} Rxc6 {[%emt 0:00:02]} 25. Rc1 {[%emt 0:01:47]} Rxc1+ {[%emt 0:00:46]} 26. Kxc1 {[%emt 0:00:03]} Kf7 {[%emt 0:00:49]} 27. Kc2 {[%emt 0:01:48]} Ke6 {[%emt 0:01:24]} 28. Nf1 {[%emt 0:01:11]} f5 {[%emt 0:05:50]} 29. Bf4 {[%emt 0:02:22]} Ba5 {[%emt 0:01:57]} 30. Kd3 {[%emt 0:00:57]} Bd8 {[%emt 0:04:31]} 31. Bd2 {[%emt 0:02:13]} Bf6 {[%emt 0:01:10]} 32. Ne3 {[%emt 0:02:21]} Nb8 {[%emt 0:02:06]} 33. Bb4 {[%emt 0:04:17]} Nc6 {[%emt 0:00:16]} 34. Bc5 {[%emt 0:00:23]} a5 {[%emt 0:00:48]} 35. f3 {[%emt 0:01:43]} a6 {[%emt 0:01:09]} 36. g3 {[%emt 0:00:47]} 1/2-1/2

[Event "CZE-ch 2020"]
[Site "Pilsen"]
[Date "2020.08.29"]
[Round "7.32"]
[White "Placer, Sebastian"]
[Black "Laurincova, Kristyna"]
[Result "0-1"]
[WhiteElo "2097"]
[BlackElo "2008"]
[Annotator "ChessBase"]
[PlyCount "100"]
[EventDate "2020.08.23"]
[EventType "swiss"]
[EventCountry "CZE"]
[SourceTitle "playchess.com"]
[Source "ChessBase"]
[SourceQuality "1"]
[TimeControl "40/5400+30:1800+30"]

1. d4 {[%emt 0:00:00]} Nf6 {[%emt 0:00:00]} 2. c4 {[%emt 0:00:00]} g6 {[%emt 0:00:00]} 3. Nc3 {[%emt 0:00:19]} d5 {[%emt 0:00:00]} 4. Bf4 {[%emt 0:00:36]} Bg7 {[%emt 0:00:31]} 5. e3 {[%emt 0:00:28]} O-O {[%emt 0:01:06]} 6. Rc1 {[%emt 0:00:34]} dxc4 {[%emt 0:04:35]} 7. Bxc4 {[%emt 0:00:45]} c5 {[%emt 0:00:45]} 8. dxc5 {[%emt 0:04:32]} Qa5 {[%emt 0:00:53]} 9. Nge2 {[%emt 0:01:00]} Qxc5 {[%emt 0:05:47]} 10. Bb3 {[%emt 0:02:27]} Nc6 {[%emt 0:02:26]} 11. O-O {[%emt 0:04:16]} Qa5 {[%emt 0:11:10]} 12. Qc2 {[%emt 0:14:23]} Bd7 {[%emt 0:06:47]} 13. Rfd1 {[%emt 0:04:44]} Rac8 {[%emt 0:06:16]} 14. Qb1 {[%emt 0:04:56]} Qb4 {[%emt 0:17:38]} 15. e4 {[%emt 0:16:55]} Na5 {[%emt 0:18:39]} 16. Bc2 {[%emt 0:13:13]} Be6 {[%emt 0:05:09]} 17. a3 {[%emt 0:03:36]} Qb6 {[%emt 0:01:12]} 18. Be3 {[%emt 0:13:33]} Qa6 {[%emt 0:01:59]} 19. b3 {[%emt 0:01:57]} b6 {[%emt 0:02:59]} 20. h3 {[%emt 0:02:23]} Qb7 {[%emt 0:01:53]} 21. Bd4 {[%emt 0:00:57]} Bh6 {[%emt 0:05:34]} 22. f4 {[%emt 0:01:29]} Nh5 {[%emt 0:02:01]} 23. Rf1 {[%emt 0:01:14]} Rfd8 {[%emt 0:01:13]} 24. Be3 {[%emt 0:00:45]} Ng3 {[%emt 0:02:11]} 25. Rf3 {[%emt 0:00:32]} Nxe2+ {[%emt 0:00:18]} 26. Nxe2 {[%emt 0:00:02]} Bg7 {[%emt 0:01:23]} 27. Rf2 {[%emt 0:02:49]} Rc7 {[%emt 0:00:30]} 28. f5 {[%emt 0:00:28]} Bd7 {[%emt 0:00:22]} 29. Bf4 {[%emt 0:00:07]} Rcc8 {[%emt 0:00:21]} 30. Bg5 {[%emt 0:01:45]} Bb5 {[%emt 0:00:38]} 31. fxg6 {[%emt 0:01:50]} hxg6 {[%emt 0:00:17]} 32. Be3 {[%emt 0:00:31]} Bxe2 {[%emt 0:00:37]} 33. Rxe2 {[%emt 0:00:01]} Rc3 {[%emt 0:00:41]} 34. Bd2 {[%emt 0:00:51]} Qa6 {[%emt 0:00:35]} 35. Bxc3 {[%emt 0:01:08]} Qxe2 {[%emt 0:00:16]} 36. Re1 {[%emt 0:00:14]} Qb5 {[%emt 0:00:39]} 37. Bxg7 {[%emt 0:00:39]} Kxg7 {[%emt 0:00:26]} 38. Qb2+ {[%emt 0:00:27]} e5 {[%emt 0:00:40]} 39. b4 {[%emt 0:01:53]} Nc6 {[%emt 0:00:22]} 40. Bb3 {[%emt 0:00:54]} Nd4 {[%emt 0:00:36]} 41. Rf1 {[%emt 0:04:28]} f6 {[%emt 0:03:55]} 42. Rf2 {[%emt 0:00:44]} Qd3 {[%emt 0:03:22]} 43. Bd5 {[%emt 0:02:10]} Rc8 {[%emt 0:00:56]} 44. Rd2 {[%emt 0:02:24]} Qe3+ {[%emt 0:04:26]} 45. Kh2 {[%emt 0:00:39]} Rc3 {[%emt 0:00:24]} 46. a4 {[%emt 0:00:43]} Qg3+ {[%emt 0:00:09]} 47. Kh1 {[%emt 0:00:36]} Re3 {[%emt 0:00:38]} 48. Rd1 {[%emt 0:00:32]} Nf3 {[%emt 0:01:36]} 49. gxf3 {[%emt 0:00:53]} Qxf3+ {[%emt 0:00:10]} 50. Qg2 {[%emt 0:00:13]} Qxd1+ {[%emt 0:00:05]} 0-1

[Event "CZE-ch 2020"]
[Site "Pilsen"]
[Date "2020.08.29"]
[Round "7.33"]
[White "Nemcova, Karin"]
[Black "Vojta, Jakub"]
[Result "0-1"]
[WhiteElo "1983"]
[BlackElo "2093"]
[Annotator "NA"]
[PlyCount "68"]
[EventDate "2020.08.23"]
[EventType "swiss"]
[EventCountry "CZE"]
[SourceTitle "playchess.com"]
[Source "ChessBase"]
[SourceQuality "1"]
[TimeControl "40/5400+30:1800+30"]

1. e4 {[%emt 0:00:00]} c5 {[%emt 0:00:00]} 2. Nf3 {[%emt 0:00:00]} Nc6 {[%emt 0:00:00]} 3. d4 {[%emt 0:00:00]} cxd4 {[%emt 0:00:00]} 4. Nxd4 {[%emt 0:00:00]} Nf6 {[%emt 0:00:00]} 5. Nc3 {[%emt 0:00:00]} e5 {[%emt 0:00:00]} 6. Ndb5 {[%emt 0:00:05]} d6 {[%emt 0:00:00]} 7. Bg5 {[%emt 0:00:05]} a6 {[%emt 0:00:00]} 8. Na3 {[%emt 0:00:08]} b5 {[%emt 0:00:01]} 9. Nd5 {[%emt 0:00:07]} Be7 {[%emt 0:00:04]} 10. Bxf6 {[%emt 0:00:08]} Bxf6 {[%emt 0:00:04]} 11. c4 {[%emt 0:00:13]} b4 {[%emt 0:00:03]} 12. Nc2 {[%emt 0:00:06]} O-O {[%emt 0:00:07]} 13. g3 {[%emt 0:01:04]} a5 {[%emt 0:00:11]} 14. Qf3 {[%emt 0:02:08]} Bg5 {[%emt 0:01:26]} 15. h4 {[%emt 0:00:14]} Bh6 {[%emt 0:01:14]} 16. Bh3 {[%emt 0:02:13]} Be6 {[%emt 0:01:35]} 17. Rd1 {[%emt 0:05:19]} a4 {[%emt 0:04:33]} 18. Kf1 {[%emt 0:02:39]} Qb8 {[%emt 0:04:28]} 19. b3 {[%emt 0:04:49]} axb3 $11 {[%emt 0:00:45]} 20. axb3 {[%emt 0:00:17]} Ra2 {[%emt 0:01:59]} 21. Qd3 {[%emt 0:00:45]} Qa7 {[%emt 0:08:37]} 22. Kg2 {[%emt 0:08:57]} Bxd5 {[%emt 0:03:25]} 23. exd5 {[%emt 0:01:11]} Ne7 {[%emt 0:01:16]} 24. Ra1 {[%emt 0:02:04]} Rxa1 {[%emt 0:02:55]} 25. Rxa1 {[%emt 0:01:42]} Qc5 {[%emt 0:00:02]} 26. Ra4 {[%emt 0:08:07]} f5 {[%emt 0:03:06]} 27. Rxb4 {[%emt 0:18:10]} f4 {[%emt 0:03:14]} 28. Be6+ {[%emt 0:06:32]} Kh8 {[%emt 0:00:10]} 29. gxf4 {[%emt 0:04:19]} Ng6 {[%emt 0:02:45]} 30. Kg1 {[%emt 0:05:37]} Nxf4 {[%emt 0:02:03]} 31. Qf1 {[%emt 0:05:09]} Qa7 {[%emt 0:03:37]} 32. Ne1 {[%emt 0:04:33]} Qa1 {[%emt 0:06:10]} 33. Rb7 {[%emt 0:03:36]} Qb1 {[%emt 0:01:34]} 34. Ng2 {[%emt 0:06:22]} Ne2+ {[%emt 0:00:18]} 0-1